Policy Paper on the Assessment of the Impact and Quality of Research in Indonesia

Guardado en:
Detalles Bibliográficos
Autor principal: Čaplánová, Anetta, 1967-
Otros Autores: Sugiyanto, Catur, Raharjo, Wiryono
Formato: Capítulo de libro
Lenguaje:inglés
Materias:
Etiquetas: Agregar Etiqueta
Sin Etiquetas, Sea el primero en etiquetar este registro!

MARC

LEADER 00000naa$a2200000$$$4500
001 0264913
005 20240502083800.0
041 0 |a eng 
044 |a ID 
245 1 0 |a Policy Paper on the Assessment of the Impact and Quality of Research in Indonesia  |c Anetta Čaplánová, Catur Sugiyanto, Wiryono Raharjo 
610 2 0 |a Indonézia 
610 2 0 |a výskum 
610 2 0 |a univerzity 
610 2 0 |a akreditácia 
100 1 |a Čaplánová, Anetta, 1967- 
700 1 |a Sugiyanto, Catur 
700 1 |a Raharjo, Wiryono